01486cam a2200289 i 4500999001700000001000800017003000400025005001700029008004100046010001700087040001800104043001200122050002100134082002200155110002500177245054100202260004200743300003000785500002000815610002500835650005100860650004500911710003900956906004500995942003301040952012301073 c26989d269892216822OSt20170207101651.0751111s1975 dcua c 001 0 eng  a 75027021  aDLCcDLCdDLC an-us---00aND212b.P43 197500a759.13/074/0187952 aPhillips Collection.10aAmerican art from the Phillips Collection :ba selection of paintings, 1900-1950 : [exhibition] University of Wyoming Art Museum, Laramie, Wyoming, September 28-November 2, 1975, Utah State University Galleries, Logan, Utah, November 14-December 19, 1975, Brigham Young University, Provo, Utah, December 29, 1975-February 2, 1976, Denver Art Museum, Denver, Colorado, February 18-March 28, 1976, University of New Mexico, Albuquerque, New Mexico, April 6-May 9, 1976, the Phillips Collection, Washington, D.C., May 29-September 5, 1976. aWashington :bThe Collection,cc1975. a[40] p. :bill. ;c22 cm. aIncludes index.20aPhillips Collection. 0aPainting, Americany20th centuryvExhibitions. 0aPaintingzWashington, D.C.vExhibitions.1 aWyoming.bUniversity.bArt Museum. a7bcbccorignewd2eocipf19gy-gencatlg 2lcccBOOKShND 212 .P43 1975 00102lcc4070aMUCbMUCcTECHd2017-02-07eDonation (BFA)l0oND 212 .P43 1975p34659r2018-07-06w2017-02-07yBOOKS